000 00181 a2200097 4500
020 _a9780399161308
041 _aeng
100 _aMark Leibovich
245 _aThis Town
942 _cBK
999 _c11402
_d11402